000 00852nam a22002657a 4500
003 CHAP
005 20220329140913.0
008 971013s1977 r 00010 d
010 _a59558
011 _a60530
035 _a64692
040 _cCHAP
082 _a631.411
_bD5
100 0 0 _aDixon, Joe Boris
_eed.
_933055
245 _aMinerals in soil environments
260 _aMadison, Wis. :
_bSoil Science Society of America,
_c1977
300 _a948 p.
_b: ilus. ; gráfs.
590 _aBATCH-UPD
_b10
_c20130110
_lUCH01
_h0458
590 _aCONVERSION
_b10
_c20130109
_lUCH01
_h1332
650 1 4 _aSuelos
_xElementos minerales.
_9110356
901 _aBK
942 _cLIBRO
949 _a631.411 D5
_bBC
_cLIBRO
_d33724000067914
_eLIBRO
_fc.2
_h50100
_i64692
_si
_t575.00
949 _a631.411 D5
_bBC
_cLIBRO
_d33724000067922
_eLIBRO
_h50099
_i64692
_si
_t575.00
999 _c59558
_d59558